| 000 | 00555nam a2200205 i 4500 | ||
|---|---|---|---|
| 001 | 70203 | ||
| 003 | ES-MaACL | ||
| 005 | 20230906170742.0 | ||
| 007 | t| | ||
| 008 | 040720s1968 mx ||||1| spa d | ||
| 100 | 1 |
_aGarcía Ponce, Juan. _955128 |
|
| 245 | 1 | 0 |
_aDesconsideraciones / _cJuan García Ponce. |
| 250 | _a[1ª ed.]. | ||
| 260 |
_a[México : _bJoaquín Mortiz, _c1968] |
||
| 300 |
_a119 p. ; _c18 cm. |
||
| 490 | 1 | _aSerie del volador | |
| 830 | 0 |
_aSerie del volador _9181075 |
|
| 852 |
_aES-MaACL _jE-10121 _bR.93517 |
||
| 999 |
_c70203 _d70203 |
||